Cincinnati Bengals Season Records - Statistics

General Stats
  • This quiz has been taken 36 times
    11 since last reset
  • The average score is 48 of 58
Answer Stats
Year Answer % Correct
2025 Losing
100%
2020 Losing
100%
2019 Losing
100%
2018 Losing
100%
2017 Losing
100%
2016 Losing
100%
2024 Winning
100%
2023 Winning
100%
2022 Winning
100%
2021 Winning
100%
2015 Winning
100%
2014 Winning
100%
2010 Losing
91%
2008 Losing
91%
2007 Losing
91%
2013 Winning
91%
2012 Winning
91%
2011 Winning
91%
2009 Winning
91%
2005 Winning
91%
2002 Losing
82%
2001 Losing
82%
2000 Losing
82%
1999 Losing
82%
1998 Losing
82%
1997 Losing
82%
1995 Losing
82%
1994 Losing
82%
1993 Losing
82%
1992 Losing
82%
1991 Losing
82%
2006 Tied
82%
1990 Winning
82%
1987 Losing
73%
1985 Losing
73%
1983 Losing
73%
1980 Losing
73%
1979 Losing
73%
1978 Losing
73%
1971 Losing
73%
1969 Losing
73%
1968 Losing
73%
2004 Tied
73%
2003 Tied
73%
1996 Tied
73%
1988 Winning
73%
1986 Winning
73%
1982 Winning
73%
1981 Winning
73%
1977 Winning
73%
1976 Winning
73%
1975 Winning
73%
1973 Winning
73%
1972 Winning
73%
1970 Winning
73%
1989 Tied
64%
1984 Tied
64%
1974 Tied
64%
No matching quizzes found
Score Distribution
Percent of People with Each Score
Percentile by Number Answered
Your Score History
You have not taken this quiz since the last reset